[Event "Dutch Open"]
[Site "Dieren NED"]
[Date "2009.07.28"]
[Round "7"]
[White "Burg,T"]
[Black "Klein,Da"]
[Result "1-0"]
[WhiteElo "2422"]
[BlackElo "2236"]

1.e4 d5 2.exd5 Qxd5 3.Nc3 Qd6 4.d4 Nf6 5.Bg5 c6 6.Qd2 g6 7.Nf3 Bg7 8.h3 O-O
9.O-O-O b5 10.Bd3 Be6 11.Bf4 Qd8 12.Bh6 Qa5 13.Bxg7 Kxg7 14.a3 Nd5 15.Nxd5 Qxd2+
16.Nxd2 Bxd5 17.Be4 Nd7 18.Bxd5 cxd5 19.Rhe1 e6 20.Re3 Rfc8 21.Nb1 a5 22.Rc3 Nf6
23.f3 b4 24.Rxc8 Rxc8 25.b3 g5 26.Kb2 Kg6 27.c3 bxc3+ 28.Nxc3 h5 29.b4 axb4
30.axb4 g4 31.hxg4 hxg4 32.Kb3 gxf3 33.gxf3 Nd7 34.Na4 Rc4 35.Nb2 Rc8 36.b5 Kf6
37.Ra1 Ke7 38.Nd3 Rc4 39.Ra7 Ke8 40.Rxd7 Rxd4 41.Nc5 Rc4 42.Rc7 Rf4 43.b6 Rxf3+
44.Kb4 Kd8 45.Rd7+ Kc8 46.b7+ Kb8 47.Na6+ Ka7 48.b8=Q+ Kxa6 49.Rd6+  1-0

[Event "Czech Open A"]
[Site "Pardubice CZE"]
[Date "2009.07.28"]
[Round "5"]
[White "Krejci,Jan2"]
[Black "Korstin,M"]
[Result "1-0"]
[WhiteElo "2453"]
[BlackElo "2279"]

1.e4 d5 2.exd5 Qxd5 3.Nc3 Qd6 4.d4 a6 5.Ne4 Qd5 6.Bd3 Nc6 7.Ne2 f5 8.N4g3 e5
9.O-O e4 10.c4 Qf7 11.Bc2 Qxc4 12.Bf4 Bd6 13.d5 Ne5 14.Rc1 Qb4 15.Ba4+ Kf8
16.Bb3 Nf6 17.Bd2 Qb6 18.Be3 Qa5 19.Nd4 Nd3 20.Rc2 Nb4 21.Bd2 Qb6 22.Bxb4 Qxb4
23.Ngxf5 Bxf5 24.Nxf5 g6 25.Nd4 Kf7 26.Ne6 Qb6 27.Qc1 Rac8 28.Qh6 Rhg8 29.Re2 Ke7
30.Qh4 Kf7 31.Qh6 Ke7 32.Ng5  1-0

[Event "Czech Open A"]
[Site "Pardubice CZE"]
[Date "2009.07.29"]
[Round "6"]
[White "Krejci,Jan2"]
[Black "Gergel,V"]
[Result "1/2-1/2"]
[WhiteElo "2453"]
[BlackElo "2316"]

1.e4 d5 2.exd5 Qxd5 3.Nc3 Qd6 4.d4 c6 5.Nf3 Bg4 6.Be3 Nf6 7.h3 Bh5 8.g4 Bg6
9.Ne5 Nbd7 10.Nc4 Qc7 11.Qd2 Nb6 12.Bf4 Qd8 13.Ne5 e6 14.a3 Bd6 15.O-O-O Qc7
16.f3 Nbd5 17.Nxd5 Nxd5 18.Bh2 f6 19.Nxg6 hxg6 20.Bd3 Kf7 21.Kb1 Bxh2 22.Rxh2 Nf4
23.Rdh1 Rh4 24.g5 Rah8 25.Bf1 R8h5 26.gxf6 gxf6 27.Qe3 a5 28.Bc4 Qd6 29.a4 b5
30.Bb3 g5 31.Qc3 b4 32.Qc4 Rxh3 33.Rxh3 Rxh3 34.Rxh3 Nxh3 35.Qa6 Nf4 36.Qxa5 Qxd4
37.Qc7+ Kg6 38.Qxc6 Ne2 39.Qe8+ Kg7 40.Qe7+ Kg6  1/2-1/2

[Event "Czech Open A"]
[Site "Pardubice CZE"]
[Date "2009.07.29"]
[Round "6"]
[White "Koepke,C"]
[Black "Kantans,T"]
[Result "1-0"]
[WhiteElo "2374"]
[BlackElo "2209"]

1.e4 d5 2.exd5 Qxd5 3.Nc3 Qd6 4.d4 Nf6 5.Nf3 a6 6.g3 Bg4 7.Bg2 Nc6 8.O-O O-O-O
9.d5 Nb4 10.h3 Bh5 11.Bf4 Qc5 12.Be3 Qd6 13.Bf4 Qc5 14.Be3 Qd6 15.Qe2 Nbxd5
16.Nxd5 Nxd5 17.Rad1 Qb4 18.c4 Nf6 19.Rxd8+ Kxd8 20.Rd1+ Kc8 21.Qd3 Qd6 22.Qb3 Qc6
23.g4 Nxg4 24.hxg4 Bxg4 25.Rd5 Bxf3 26.Bxf3 Qf6 27.Bg2 c6 28.Rd8+  1-0

[Event "ch-AUT"]
[Site "Jenbach AUT"]
[Date "2009.07.30"]
[Round "6"]
[White "Ragger,M"]
[Black "Natter,S"]
[Result "1-0"]
[WhiteElo "2563"]
[BlackElo "2262"]

1.e4 d5 2.exd5 Qxd5 3.Nc3 Qd6 4.d4 Nf6 5.Nf3 c6 6.Ne5 Nbd7 7.Nc4 Qc7 8.Qf3 Nb6
9.Ne5 Be6 10.Be2 g6 11.O-O Bg7 12.a4 a5 13.Qg3 Qd8 14.Nd3 Nbd5 15.Nc5 Nxc3
16.bxc3 Bc8 17.Bf3 O-O 18.Re1 Nd5 19.Bd2 b6 20.Nd3 Bb7 21.Rab1 Re8 22.Ne5 Rc8
23.c4 Nb4 24.c3 Nc2 25.Red1 Na3 26.Ra1 Bxe5 27.dxe5 Nxc4 28.Bf4 Qc7 29.e6 Nd6
30.exf7+ Kxf7 31.Bg4 Rcd8 32.Qh3 h5 33.Be6+ Kg7 34.Be5+ Kh7 35.Bf5 Kh6 36.Qe3+ g5
37.Bg7+ Kxg7 38.Qxg5+ Kf7 39.Qg6+ Kf8 40.Qh6+  1-0

[Event "Czech Open A"]
[Site "Pardubice CZE"]
[Date "2009.07.31"]
[Round "8"]
[White "Mishin,Al"]
[Black "Kantans,T"]
[Result "1-0"]
[WhiteElo "2323"]
[BlackElo "2209"]

1.e4 d5 2.exd5 Qxd5 3.Nc3 Qd6 4.d4 Nf6 5.Nf3 a6 6.g3 Bg4 7.Bg2 Nc6 8.O-O O-O-O
9.d5 Nb4 10.h3 Bh5 11.Bf4 Qc5 12.g4 Bg6 13.Ne5 e6 14.Be3 Qa5 15.Nc4  1-0

[Event "14th Open"]
[Site "Creon FRA"]
[Date "2009.08.02"]
[Round "9"]
[White "Barraud,M"]
[Black "Lapeyre,P"]
[Result "0-1"]
[WhiteElo "1908"]
[BlackElo "2109"]

1.e4 d5 2.exd5 Qxd5 3.Nc3 Qd6 4.Nf3 Nf6 5.h3 c6 6.d4 Bf5 7.Bc4 Nbd7 8.Qe2 Nb6
9.Bb3 Nbd5 10.Ne5 e6 11.Nxd5 Nxd5 12.c3 a5 13.O-O a4 14.Bc2 Bxc2 15.Qxc2 Be7
16.c4 Nf6 17.Be3 O-O 18.b3 c5 19.Nf3 cxd4 20.Nxd4 Rfc8 21.Rfd1 Qa6 22.Qb2 Qa5
23.Nb5 Qb4 24.Qc3 Qxb5  0-1

[Event "110th US Open"]
[Site "Indianapolis USA"]
[Date "2009.08.02"]
[Round "2"]
[White "Antal,Ge"]
[Black "Stopa,Ja"]
[Result "1/2-1/2"]
[WhiteElo "2479"]
[BlackElo "2471"]


1.e4 d5 2.exd5 Qxd5 3.Nc3 Qd6 4.d4 Nf6 5.Nf3 c6 6.Be3 Bf5 7.Qd2 e6 8.Nh4 Bg6
9.O-O-O Nbd7 10.Bf4 Qb4 11.f3 Nd5 12.Nxd5 cxd5 13.Qxb4 Bxb4 14.Nxg6 hxg6
15.Rd3 Ba5 16.Rb3 Bb6 17.a4 O-O 18.a5 Bxd4 19.Rxb7 Nc5 20.Rb5 Rfc8 21.c3 a6
22.Rb6 Bf6 23.Bd6 Bd8 24.Bxc5 Rxc5 25.Rxa6 Rxa6 26.Bxa6 Rxa5 27.Bd3 Ra1+
28.Bb1 Bf6 29.Rd1 Kf8 30.Kc2 Ke7 31.b3  1/2-1/2

[Event "HZ Open"]
[Site "Vlissingen NED"]
[Date "2009.08.02"]
[Round "3"]
[White "Leenhouts,K"]
[Black "Van Weersel,A"]
[Result "1/2-1/2"]
[WhiteElo "2413"]
[BlackElo "2204"]

1.e4 d5 2.exd5 Qxd5 3.Nc3 Qd8 4.d4 Nf6 5.Bc4 a6 6.Nf3 b5 7.Bb3 c5 8.a4 b4
9.Ne2 e6 10.O-O Be7 11.Ne5 O-O 12.Be3 Nd5 13.Bxd5 Qxd5 14.Nf4 Qe4 15.Re1 cxd4
16.Qxd4 Qxd4 17.Bxd4 Bb7 18.Rad1 Rc8 19.Ng4 Rxc2 20.Nh5 f6 21.Rxe6 Bf8 22.h3 Nc6
23.Bxf6 Bc8 24.Re4 Bf5 25.Rf4 Bg6 26.Nxg7 Bxg7 27.Rd7 Ra7 28.Rxg7+ Rxg7 29.Nh6+ Kf8
30.Bc3+ Rf7 31.Nxf7 bxc3 32.Ng5+ Ke7 33.bxc3 Rc1+ 34.Kh2 Rxc3 35.Rh4 h5 36.Rf4 a5
37.Nf3 Rc5 38.g4 hxg4 39.hxg4 Bc2 40.Nd4 Nxd4 41.Rxd4 Kf6 42.f4 Bb3 43.Kg3 Rc4
44.Rxc4 Bxc4 45.Kf2 Bb3 46.Ke3 Bxa4 47.Kd2 Bd7  1/2-1/2

[Event "FSGM August"]
[Site "Budapest HUN"]
[Date "2009.08.03"]
[Round "3"]
[White "Oleksienko,M"]
[Black "Tzermiadianos,An"]
[Result "1/2-1/2"]
[WhiteElo "2543"]
[BlackElo "2447"]

1.e4 d5 2.exd5 Qxd5 3.Nc3 Qd6 4.d4 Nf6 5.Nf3 a6 6.g3 Bg4 7.h3 Bh5 8.Bg2 Nc6
9.O-O O-O-O 10.Bf4 Qb4 11.g4 Bg6 12.a3 Qxb2 13.Qe1 e6 14.Ne5 Nd5 15.Nxd5 exd5
16.Nxc6 bxc6 17.Rb1 Qxc2 18.Qa5 Bd6 19.Rfc1 Qxb1 20.Rxb1 Bxf4 21.Rb3 Rhe8
22.Rf3 Re4 23.Bf1 Rd6 24.Qc3 Rde6 25.Bxa6+ Kd7 26.Bd3 Re1+ 27.Kg2 Be4 28.Bxe4 R1xe4
29.a4 g5 30.a5 Re8 31.a6 Ra8 32.Qa5 Ra7 33.Rb3 Re8 34.Rb7 Rea8 35.Rxa7 Rxa7
36.Qa4 Bd6 37.Kf3 h6 38.Ke2 Bf4 39.Kf3 Bd6 40.Kg2 Bf4 41.Qa3 Bd6 42.Qd3 Ke7
43.Qc2 Kd7 44.Qh7 Rxa6 45.Qxf7+ Be7 46.Qf5+ Kd8 47.Qe6 Ra4 48.Qxh6 Kd7 49.Qg7 Rc4
50.Qe5 Ra4 51.h4 gxh4 52.g5 Ra3 53.g6 h3+ 54.Kf1 Ra1+ 55.Ke2 Rg1 56.g7 h2
57.Qxh2 Rxg7 58.Qh3+ Ke8 59.Qe6 Kf8 60.Qc8+ Kf7 61.Qxc7 Rg6 62.f4 Re6+ 63.Kf3 Rf6
64.Qd7 Rd6 65.Qc8 Re6 66.f5 Rf6 67.Ke2 Rh6 68.Kd3 Rh3+ 69.Kc2 Rh2+ 70.Kd3  1/2-1/2

[Event "110th US Open"]
[Site "Indianapolis USA"]
[Date "2009.08.03"]
[Round "3"]
[White "Vilenchuk,M"]
[Black "Pinkerton,J"]
[Result "1-0"]
[WhiteElo "2127"]
[BlackElo "2046"]


1.e4 d5 2.exd5 Qxd5 3.Nc3 Qd6 4.d4 Nf6 5.Be3 a6 6.Qd2 b5 7.Be2 b4 8.Na4 Ne4
9.Qd3 Bf5 10.Bf3 Qg6 11.Qc4 e6 12.Qxc7 Bd6 13.Qb7 O-O 14.Qxa8 Ng5 15.Bxg5 Qxg5
16.Be4 Bg4 17.Nf3 Qf4 18.g3 Qf6 19.O-O-O Qe7 20.Qb7 Nd7 21.h3 Rb8 22.Qa7 Bh5
23.g4 Bg6 24.Bxg6 f6 25.Kb1  1-0

[Event "Arctic Chess Challenge"]
[Site "Tromso NOR"]
[Date "2009.08.04"]
[Round "4"]
[White "Zozulia,A"]
[Black "Pettersson,Tob"]
[Result "1-0"]
[WhiteElo "2341"]
[BlackElo "2138"]

1.e4 d5 2.exd5 Qxd5 3.Nc3 Qd6 4.d4 Nf6 5.Nf3 a6 6.Ne5 Be6 7.Be3 Nc6 8.Nxc6 Qxc6
9.Be2 Nd5 10.Bf3 Qd7 11.Ne4 Nxe3 12.fxe3 c6 13.Nc5 Qc8 14.Qd3 g6 15.Qc3 Bg7
16.Nxb7 O-O 17.Nc5 Bg4 18.O-O Bxf3 19.Rxf3 Rb8 20.Raf1 a5 21.b3 e5 22.dxe5 Rb4
23.Nd3 Rh4 24.Qxa5 Rh5 25.Qa7 Qe8 26.Qc7 Qe6 27.h3 Qd5 28.a4 Bxe5 29.Nxe5 Qxe5
30.Qxc6  1-0

[Event "FSGM August"]
[Site "Budapest HUN"]
[Date "2009.08.05"]
[Round "5"]
[White "Rees,I"]
[Black "Tzermiadianos,An"]
[Result "1/2-1/2"]
[WhiteElo "2339"]
[BlackElo "2447"]

1.e4 d5 2.exd5 Qxd5 3.Nc3 Qd6 4.d4 Nf6 5.Nf3 a6 6.Bd3 Bg4 7.h3 Bh5 8.Ne4 Nxe4
9.Bxe4 Nc6 10.c3 Bg6 11.Qe2 O-O-O 12.O-O e6 13.Bxg6 hxg6 14.b4 Be7 15.a4 Bf6
16.b5 Na5 17.Ba3 Qd5 18.bxa6 b6 19.Rfb1 Qc4 20.Qxc4 Nxc4 21.Bb4 Kb8 22.a5 Ka7
23.axb6+ cxb6 24.Ra4 Rb8 25.Ne1 Rhc8 26.Nd3 e5 27.dxe5 Nxe5 28.Nxe5 Bxe5
29.Re1 Re8  1/2-1/2

[Event "HZ Open"]
[Site "Vlissingen NED"]
[Date "2009.08.05"]
[Round "6"]
[White "Michalczak,T"]
[Black "Kogan,Ar"]
[Result "1/2-1/2"]
[WhiteElo "2352"]
[BlackElo "2542"]

1.e4 d5 2.exd5 Qxd5 3.Nc3 Qd8 4.d4 Nf6 5.Nf3 a6 6.Ne5 e6 7.Be3 Nbd7 8.Be2 Bb4
9.O-O O-O 10.Bf3 Bxc3 11.bxc3 Nd5 12.Bxd5 exd5 13.Nxd7 Bxd7 14.Bf4 Re8 15.Re1 Qf6
16.Qd2 Qc6 17.Rxe8+ Rxe8 18.Re1 Qc4 19.Rxe8+ Bxe8 20.a3 Bb5 21.h4 h6 22.Qd3 Qa2
23.Qf5 Qxa3 24.Qc8+ Qf8 25.Qxb7 c6 26.Qc7 Qe8 27.Qb8 Qxb8 28.Bxb8 Kh7 29.Bd6 Kg6
30.f3 h5 31.Kf2 Kf5 32.Ke3 f6 33.g3 g5 34.Bc7 Ba4 35.Bd8 Bxc2 36.Kd2 Bb1
37.Ke3 Ba2 38.Kd2 Bb3 39.Ke2 Bc4+ 40.Ke3 Bb5 41.Kd2 gxh4 42.gxh4 a5 43.Kc2 Be2
44.f4 a4 45.Kb2 Bd1 46.Ka3 Ke4 47.Bxf6 Kd3 48.Be7  1/2-1/2

[Event "ITT Vicente Lopez"]
[Site "Villa Martelli ARG"]
[Date "2009.08.06"]
[Round "3"]
[White "De Dovitiis,A"]
[Black "Della Morte,G"]
[Result "1-0"]
[WhiteElo "2346"]
[BlackElo "2383"]

1.e4 d5 2.exd5 Qxd5 3.Nc3 Qd6 4.g3 Nf6 5.Bg2 c6 6.d4 Bg4 7.Nge2 e6 8.O-O Be7
9.h3 Bxe2 10.Nxe2 O-O 11.c4 Nbd7 12.Bf4 e5 13.dxe5 Nxe5 14.Nd4 Rfe8 15.b3 Bf8
16.Nf3 Qxd1 17.Rfxd1 Ng6 18.Be3 Ne4 19.g4 Bc5 20.Ng5 Nxg5 21.Bxc5 Ne6 22.Be3 a6
23.Rd7 Re7 24.Rxe7 Nxe7 25.Rd1 Rd8 26.Rxd8+ Nxd8 27.f4 f5 28.Kf2 Kf7 29.Bb6 Ne6
30.Ke3 h6 31.Bf1 g5 32.fxg5 f4+ 33.Ke4 hxg5 34.Bf2 Kf6 35.b4 Nc8 36.c5 Ne7
37.Bc4 Nc7 38.h4 Ncd5 39.Bd4+ Kg6 40.h5+ Kh6 41.a3 Kh7 42.Be2 Kh6 43.Ke5 Nc7
44.Kf6 Nb5 45.Be5 Nc3 46.Bd3  1-0

[Event "4th Timisoara Cup A"]
[Site "Timisoara ROM"]
[Date "2009.08.07"]
[Round "7"]
[White "Dragomirescu,R"]
[Black "Balla,Ta"]
[Result "1/2-1/2"]
[WhiteElo "2342"]
[BlackElo "2363"]

1.e4 d5 2.exd5 Qxd5 3.Nc3 Qd6 4.d4 Nf6 5.Nf3 a6 6.g3 Bg4 7.Bg2 Nc6 8.O-O O-O-O
9.d5 Nb4 10.Bf4 Qc5 11.Be3 Qd6 12.Bf4 Qc5  1/2-1/2

[Event "ch-CAN"]
[Site "Guelph CAN"]
[Date "2009.08.08"]
[Round "1"]
[White "Thavandiran,S"]
[Black "MacKinnon,K"]
[Result "0-1"]
[WhiteElo "2291"]
[BlackElo "2148"]

1.e4 d5 2.exd5 Qxd5 3.Nc3 Qd6 4.d4 Nf6 5.Nf3 c6 6.g3 Bg4 7.Bg2 Nbd7 8.O-O e6
9.Bf4 Qb4 10.a3 Qb6 11.h3 Bh5 12.Re1 Be7 13.g4 Bg6 14.Nh4 O-O 15.g5 Nh5 16.Bc1 Bd6
17.Ne4 Bf4 18.Bf3 Bxc1 19.Qxc1 Rad8 20.Qe3 e5 21.dxe5 Nxe5 22.Bxh5 Qxe3 23.Rxe3 Bxh5
24.Ng3 Ng6 25.Ng2 Bd1 26.Rc1 f6 27.gxf6 Rxf6 28.Ne4 Rf5 29.Rd3 Rxd3 30.cxd3 Bf3
31.Ne1 Nf4 32.Nxf3 Ne2+ 33.Kf1 Nxc1 34.Ne1 Rd5 35.Nc2 Nxd3 36.b4 Nf4 37.Ne3 Rd3
38.Nc5 Rxa3 39.Ke1 Nd3+  0-1

[Event "80th Jubilee Viktor Kart"]
[Site "Lviv UKR"]
[Date "2009.08.09"]
[Round "7"]
[White "Fridman,R"]
[Black "Stips,F"]
[Result "1/2-1/2"]
[WhiteElo "1903"]
[BlackElo "2240"]

1.e4 d5 2.exd5 Qxd5 3.Nc3 Qd6 4.Nf3 Nf6 5.Be2 Bf5 6.d3 c6 7.b3 e6 8.Bb2 Nbd7
9.Qd2 h6 10.h3 Qc7 11.Nh4 Bh7 12.g4 Bd6 13.Ng2 O-O-O 14.O-O-O e5 15.Bf3 Nc5
16.Rhe1 Ne6 17.Ne3 Nf4 18.h4 e4 19.Nxe4 Be5 20.Nc4 Bxb2+ 21.Kxb2 N6d5 22.Ne3 Kb8
23.Nxd5 cxd5 24.Nc3 a6 25.Ne2 Ne6 26.Qb4 Qh2 27.c4 Nf4 28.Nxf4 Qxf2+ 29.Ka3 Qxf3
30.Re7 dxc4 31.Rc1 Rc8 32.Rxc4 Rxc4 33.dxc4 Be4 34.Nd5 Bxd5 35.Qd6+ Ka7 36.Qc5+ Kb8
37.Qd6+ Ka7 38.Qxd5 Qxd5 39.cxd5 Rd8 40.Rxf7 Rxd5 41.Rxg7 Rd4 42.Rg6 h5 43.gxh5 Rxh4
44.Rh6 a5 45.Rh8 b5 46.h6 Rh2  1/2-1/2

[Event "Open"]
[Site "Olomouc CZE"]
[Date "2009.08.09"]
[Round "5"]
[White "Korchagina,V"]
[Black "Cagasik,T"]
[Result "1/2-1/2"]
[WhiteElo "2166"]
[BlackElo "2259"]

1.e4 d5 2.exd5 Qxd5 3.Nc3 Qd6 4.d4 Nf6 5.Nf3 Bg4 6.h3 Bh5 7.g4 Bg6 8.Ne5 Nd5
9.Qf3 c6 10.Bd3 Qf6 11.Nxd5 Qxf3 12.Nc7+ Kd8 13.Ne6+ fxe6 14.Nxf3 Bxd3 15.cxd3 g6
16.Bd2 Bg7 17.Bc3 Kd7 18.Ke2 Rg8 19.Ng5 h6 20.Ne4 b6 21.a4 Na6 22.b4 Nc7
23.Rab1 Rad8 24.Rhc1 Kc8 25.Ba1 Kb7 26.Rc4 Nd5 27.b5 cxb5 28.Rxb5 e5 29.Nc5+ Ka8
30.Na6 Kb7 31.Nc5+ Ka8 32.Na6 Kb7 33.Nc5+ Ka8 34.Na6 Kb7 35.Nc5+  1/2-1/2

[Event "Abu Dhabi Festival Open"]
[Site "Abu Dhabi UAE"]
[Date "2009.08.12"]
[Round "1"]
[White "Ovetchkin,R"]
[Black "Safar,A"]
[Result "1-0"]
[WhiteElo "2548"]
[BlackElo "1580"]

1.e4 d5 2.exd5 Qxd5 3.Nc3 Qd6 4.d4 Nf6 5.Nb5 Qd8 6.c4 a6 7.Nc3 Nc6 8.d5 Ne5
9.Qe2 Ng6 10.Bg5 e6 11.O-O-O Qe7 12.g3 h6 13.Bxf6 gxf6 14.Bg2 e5 15.h4 Qd6
16.Ne4 Qd8 17.h5 f5 18.hxg6 fxe4 19.gxf7+ Ke7 20.Bxe4 Qd6 21.Bc2 Bg7 22.Qe3 b6
23.Ne2 Qf6 24.Nc3 Bb7 25.Rh5 Qxf7 26.Rxe5+ Bxe5 27.Qxe5+ Kd7 28.Bf5+  1-0

[Event "24th ICT Acropolis"]
[Site "Chalkida GRE"]
[Date "2009.08.13"]
[Round "4"]
[White "Chirila,I"]
[Black "Zygouris,H"]
[Result "1/2-1/2"]
[WhiteElo "2526"]
[BlackElo "2212"]

1.e4 d5 2.exd5 Qxd5 3.Nc3 Qd6 4.d4 c6 5.Nf3 Nf6 6.Ne5 Nbd7 7.Nc4 Qc7 8.Qf3 Nb6
9.Bf4 Qd7 10.Be5 Qf5 11.Qxf5 Bxf5 12.Ne3 Be6 13.O-O-O O-O-O 14.Be2 Nfd5 15.Ncxd5 Nxd5
16.c4 Nxe3 17.fxe3 f6 18.Bg3 Bf7 19.e4 e6 20.c5 h5 21.b4 h4 22.Bf4 Bh5 23.Bf3 Bxf3
24.gxf3 g5 25.Be3 Be7 26.Rhg1 Rhg8 27.Rg2 Rg7 28.Rdg1 Rdg8 29.Bf2 Bf8 30.f4 h3
31.Rg3 gxf4 32.Rxg7 Rxg7 33.Rxg7 Bxg7 34.Kd2 f5 35.e5 Kd7 36.Ke2 Bh6 37.Kf3 Ke8
38.Be1 Bg5 39.Bf2 Kf7 40.Be1 Kg6 41.a3 a6 42.Bf2 Kf7 43.Be1 Kg6 44.Bf2 Kh5
45.Be1 Kh6  1/2-1/2

[Event "Open"]
[Site "Olomouc CZE"]
[Date "2009.08.13"]
[Round "9"]
[White "Weber,Mart"]
[Black "Cagasik,T"]
[Result "1-0"]
[WhiteElo "2111"]
[BlackElo "2259"]

1.e4 d5 2.exd5 Qxd5 3.Nc3 Qd6 4.d4 Nf6 5.Bc4 c6 6.Nge2 Bf5 7.Bf4 Qd8 8.d5 cxd5
9.Nxd5 Nxd5 10.Qxd5 Qxd5 11.Bxd5 Nc6 12.O-O-O e6 13.Bxc6+ bxc6 14.Nd4 Bg6
15.f3 Rc8 16.Rhe1 Bc5 17.Nb3 Bb6 18.Bd6 h5 19.Nc5 h4 20.Nb7 Rh5 21.Ba3 Rb8
22.Nd6+ Kf8 23.Nc8+ c5 24.Nxb6 axb6 25.Rd7 b5 26.b3 Ra8 27.Bb2 Rxa2 28.Rd8+ Ke7
29.Red1 Ra7 30.Bxg7 Rg5 31.R1d2 f6 32.Bf8+ Kf7 33.Kb2 c4 34.b4 Bf5 35.Bc5 Rc7
36.Rh8 h3 37.g4 Bg6 38.Rdd8 Rgxc5 39.bxc5 Rxc5 40.Rd7+  1-0

[Event "Jubilee Open"]
[Site "Zuerich SUI"]
[Date "2009.08.13"]
[Round "7"]
[White "Safarli,E"]
[Black "Bosiocic,Mari"]
[Result "1/2-1/2"]
[WhiteElo "2597"]
[BlackElo "2551"]

1.e4 d5 2.exd5 Qxd5 3.Nc3 Qd6 4.d4 Nf6 5.Nf3 c6 6.h3 Bf5 7.Bc4 e6 8.O-O Nbd7
9.Ne2 Qc7 10.Bb3 Bd6 11.c4 O-O 12.Be3 Bg6 13.Nh4 c5 14.Nxg6 hxg6 15.Rc1 Rfd8
16.Qc2 a6 17.a3 cxd4 18.Bxd4 Nc5 19.Ba2 a5 20.Rcd1 Bh2+ 21.Kh1 Be5 22.Be3 b6
23.Nc3 Bf4 24.Bd4 Rac8 25.b4 axb4 26.axb4 Ncd7 27.Rfe1 Qb8 28.Qe2 Bd6  1/2-1/2

[Event "Open A"]
[Site "Panevezys LTU"]
[Date "2009.08.17"]
[Round "1"]
[White "Dainauskas,J"]
[Black "Kantans,T"]
[Result "0-1"]
[WhiteElo "1938"]
[BlackElo "2209"]

1.e4 d5 2.exd5 Qxd5 3.Nc3 Qd6 4.d4 Nf6 5.Nf3 a6 6.Bc4 Bg4 7.O-O Nc6 8.Be3 e6
9.h3 Bh5 10.g4 Bg6 11.a3 O-O-O 12.Ne2 e5 13.dxe5 Nxe5 14.Nxe5 Qxe5 15.Qc1 Qe4
16.Bb3 Qf3 17.Ng3 h5 18.g5 h4 19.Bf4 hxg3 20.fxg3 Bc5+  0-1

[Event "RUS-CHN Match w Standard"]
[Site "Sochi RUS"]
[Date "2009.08.17"]
[Round "3"]
[White "Romanko,M"]
[Black "Huang Qian"]
[Result "1/2-1/2"]
[WhiteElo "2447"]
[BlackElo "2424"]

1.e4 d5 2.exd5 Qxd5 3.Nc3 Qd6 4.d4 c6 5.Nf3 Nf6 6.Be2 Bf5 7.O-O e6 8.Re1 Nbd7
9.Nh4 Bg6 10.g3 Qc7 11.Bf3 Be7 12.Nxg6 hxg6 13.Ne2 O-O 14.Nf4 Rfe8 15.Nd3 Rad8
16.c3 Bd6 17.Qb3 Qb6 18.Qxb6 Nxb6 19.Bg5 Be7 20.a4 Nfd5 21.Bxe7 Rxe7 22.a5 Nc4
23.Ra4 Nd6 24.Ne5 Rc7 25.Rd1 Ne7 26.Kg2 Kf8 27.h4 Ndf5 28.Nd3 Nd5 29.Rh1 Nf6
30.Rha1 Nd7 31.Rb4 b6 32.axb6 axb6 33.Rba4 c5 34.dxc5 bxc5 35.Ra8 Rxa8 36.Rxa8+ Ke7
37.Kh3 Nd6 38.g4 Nc4 39.Rg8 Nf6 40.Rb8 Nd7 41.Rg8 Nf6 42.Ra8 Nd7 43.Kg3 Nce5
44.Nxe5 Nxe5 45.Rb8 Nd7 46.Ra8 Ne5 47.Rb8 Nd7 48.Rb5 Kd6 49.Ra5 Ne5 50.Bg2 Nd7
51.Ra6+ Ke7 52.f4 Rc8 53.Ra7 Kd6 54.Rb7 Rb8 55.Rxb8 Nxb8 56.b4 cxb4 57.cxb4 Nd7
58.Kf2 e5 59.Ke3 f5 60.gxf5 gxf5 61.Bh3 g6 62.h5 gxh5 63.Bxf5 exf4+ 64.Kxf4 Nb6
65.Ke4  1/2-1/2

[Event "Open A"]
[Site "Panevezys LTU"]
[Date "2009.08.18"]
[Round "3"]
[White "Apanaviciute,K"]
[Black "Narva,T"]
[Result "1/2-1/2"]
[WhiteElo "1986"]
[BlackElo "1865"]

1.e4 d5 2.exd5 Qxd5 3.Nc3 Qd6 4.Nf3 Nf6 5.d4 a6 6.h3 Bf5 7.Be3 e6 8.Be2 Nc6
9.a3 h6 10.Qd2 g5 11.g4 Bg6 12.Bd3 Bxd3 13.Qxd3  1/2-1/2

[Event "24th Open"]
[Site "Schwarzach AUT"]
[Date "2009.08.18"]
[Round "4"]
[White "Schnegg,D"]
[Black "Medancic,R"]
[Result "1/2-1/2"]
[WhiteElo "2092"]
[BlackElo "2261"]

1.e4 d5 2.exd5 Qxd5 3.Nc3 Qd6 4.d4 Nf6 5.Nf3 Bg4 6.h3 Bxf3 7.Qxf3 c6 8.Be3 e6
9.O-O-O Nbd7 10.Bc4 O-O-O 11.g4 Nb6 12.Bb3 Qc7 13.Ne4 Nxe4 14.Qxe4 Rd7 15.c4 Be7
16.Kb1 Qd8 17.Rc1 Kb8 18.Rhd1 Ka8 19.f4 g6 20.f5 exf5 21.gxf5 Bg5 22.fxg6 fxg6
23.Bxg5 Qxg5 24.Re1 Rhd8 25.Rcd1 a6 26.Rd3 Qa5 27.Red1 Qg5 28.Qf3 Qh4 29.Qg4 Qxg4
30.hxg4 c5 31.g5 Rxd4 32.Rxd4 Rxd4 33.Rxd4 cxd4 34.c5 Nd7 35.Bg8 Nxc5 36.Bxh7 Ne4
37.Bxg6 Nxg5 38.Kc2 Nf3 39.Be4 Ne5 40.b4 Kb8 41.a4 b6 42.Kb3 a5 43.Bd5 Kc7
44.Be4 Kd6 45.bxa5 bxa5 46.Bb7 Kc5 47.Ba6 Kd5 48.Bb7+ Ke6 49.Be4 Kf6 50.Kc2 Ke6
51.Kb3 Kd6 52.Bb7 Kc5 53.Ba6 Nd7 54.Bb5 Nb6 55.Kc2 Nd5 56.Kd3 Nb4+ 57.Ke4 Na2
58.Kd3 Nc3 59.Be8 Nd5 60.Bb5  1/2-1/2

[Event "16th Vienna Open"]
[Site "Vienna AUT"]
[Date "2009.08.19"]
[Round "5"]
[White "Shaw,D"]
[Black "Bawart,M"]
[Result "1/2-1/2"]
[WhiteElo "2231"]
[BlackElo "2385"]

1.e4 d5 2.exd5 Qxd5 3.Nc3 Qd6 4.d4 Nf6 5.Be2 a6 6.Nf3 e6 7.Bg5 Nbd7 8.O-O b5
9.Bd3 Bb7 10.Re1 h6 11.Bh4 Be7 12.Qe2 O-O 13.Ne4 Qb6 14.Ne5 Rfe8 15.Rad1 Nxe5
16.Nxf6+ Bxf6 17.Bxf6 Nf3+ 18.gxf3 gxf6 19.Qe3 Kg7 20.Kh1 Rad8 21.Be4 f5
22.Rg1+ Kh7 23.Bxb7 Qxb7 24.Rg3 Rg8 25.Rdg1 Rxg3 26.Rxg3 Rg8 27.Kg2 Qd5 28.Rxg8 Kxg8
29.Qxh6 Qxd4 30.c3 Qg7+ 31.Qxg7+ Kxg7 32.f4 Kg6 33.Kg3 c5 34.b3 Kh5 35.a3 a5
36.b4 axb4 37.axb4 c4 38.Kh3 f6 39.Kg3 e5 40.fxe5 fxe5 41.f3 Kg6 42.Kh4 Kh6
43.Kh3 Kg5 44.Kg3 Kh5 45.Kh3 e4  1/2-1/2

[Event "16th Vienna Open"]
[Site "Vienna AUT"]
[Date "2009.08.20"]
[Round "6"]
[White "Butuc,M"]
[Black "Poley,V"]
[Result "0-1"]
[WhiteElo "2186"]
[BlackElo "2312"]

1.e4 d5 2.exd5 Qxd5 3.Nc3 Qd8 4.d4 g6 5.Bc4 Bg7 6.Nf3 Nh6 7.Bf4 Nf5 8.Be5 O-O
9.O-O Bh6 10.Qe2 Nd6 11.Bb3 b6 12.Ne4 Ba6 13.c4 Nc6 14.Rfe1 Na5 15.Ned2 e6
16.Qd3 Qe7 17.d5 Rad8 18.Qc3 f6 19.Bxd6 cxd6 20.Rxe6 Qf7 21.Rae1 Nxb3 22.Qxb3 f5
23.Re7 Qf6 24.R1e6 Qh8 25.Rxa7 Bc8 26.Ree7 Rde8 27.Rxe8 Rxe8 28.Qb5 Kf8 29.Nf1 Qf6
30.Qxb6 Bg7 31.Qc7 f4 32.Ng5 Kg8 33.Qf7+ Qxf7 34.Nxf7 Re2 35.Nxd6 Bd4 36.Ra8 Bxf2+
37.Kh1 Re1 38.Rxc8+ Kg7 39.g4 f3 40.h4 Rxf1+ 41.Kh2 Bd4 42.Rc7+ Kf8 43.Rf7+ Kg8
44.g5 Be5+ 45.Kh3 Bxd6 46.Rf6 Be5 47.d6 Rh1+ 48.Kg4 Bxf6  0-1

[Event "57th ch-HUN w"]
[Site "Eger HUN"]
[Date "2009.08.21"]
[Round "1"]
[White "Papp,P"]
[Black "Gara,A"]
[Result "1-0"]
[WhiteElo "2159"]
[BlackElo "2353"]

1.e4 d5 2.exd5 Qxd5 3.Nc3 Qd6 4.d4 Nf6 5.Nf3 g6 6.Nb5 Qb6 7.c4 c6 8.c5 Qd8
9.Nc3 Bg7 10.Bc4 O-O 11.O-O b5 12.Be2 Qc7 13.h3 Nbd7 14.Bg5 Rd8 15.Qc1 b4
16.Bf4 Qa5 17.Nb1 Ba6 18.Bc4 Bxc4 19.Qxc4 Nd5 20.Bg3 a6 21.Nbd2 Qb5 22.Qc2 Nf8
23.Rfe1 Ra7 24.Nc4 a5 25.a4 Qa6 26.Nce5 f6 27.Ng4 Qc8 28.Re2 Kh8 29.Rae1 Qd7
30.Ne3 Re8 31.Nxd5 Qxd5 32.Bd6 Qf7 33.Qe4 Rc8 34.Bg3 Rd7 35.Qd3 Ra7 36.Nd2 Rd8
37.Qe4 Rd5 38.Qf4 Rad7 39.Nf3 Kg8 40.Qb8 h6 41.Qc8 f5 42.Ne5 Bxe5 43.Bxe5 Kh7
44.Qxc6 g5 45.Qb6 Ng6 46.c6 Rd8 47.c7 Rc8 48.Qb7 Qg8 49.Bh2 Rd7 50.Qc6 Qe8
51.Re6 Nf8 52.Rxh6+ Kg8 53.Be5 e6 54.Qc1 Nh7 55.Qc6 Re7 56.Qxe8+ Rexe8 57.Rg6+ Kf8
58.Rg7 Re7 59.Rxe7 Kxe7 60.Rc1 Nf6 61.Rc6 Nd5 62.Rc5 Nb6 63.Rxa5 Nc4 64.Rb5 Nxe5
65.dxe5 Rxc7 66.Rxb4 Rc1+ 67.Kh2 Kd7 68.Rd4+ Kc7 69.Rd6 Rc2 70.b4 Rxf2 71.Rxe6 Rf4
72.Rf6 Rxb4 73.Rxf5 Rxa4 74.Rxg5 Kd7 75.Rg4 Ra2 76.Re4 Ke6 77.Kg3  1-0

[Event "XXI Festival Open A"]
[Site "Porto San Giorgio ITA"]
[Date "2009.08.21"]
[Round "1"]
[White "Piscitelli,V"]
[Black "Epishin,V"]
[Result "0-1"]
[WhiteElo "2067"]
[BlackElo "2592"]

1.e4 d5 2.exd5 Qxd5 3.Nc3 Qd6 4.d4 Nf6 5.Bd3 c6 6.Nge2 Bg4 7.f3 Bh5 8.O-O e6
9.Ne4 Nxe4 10.Bxe4 Qc7 11.Bf4 Bd6 12.Qd2 Nd7 13.Bxd6 Qxd6 14.Qf4 Qxf4 15.Nxf4 Bg6
16.Rad1 Nf6 17.Rfe1 Rd8 18.Kf2 Ke7 19.Ke3 Bxe4 20.fxe4 e5 21.Ne2 exd4+ 22.Rxd4 c5
23.Rd3 Rxd3+ 24.cxd3 Rd8 25.h3 Nd7 26.Nf4 Ne5 27.Rc1 Kd6 28.Nd5 Nc6 29.Nc3 b6
30.Rf1 Ke6 31.Nd5 f6 32.Nc7+ Kd6 33.Nb5+ Ke7 34.Nc3 Rd4 35.a3 Ne5 36.Rd1 Rd7
37.Nd5+ Kd6 38.Rc1 f5 39.Nc3 fxe4 40.Nxe4+ Kc6 41.Rc3 Kb5 42.Nd2 Re7 43.Kf2 Nc6
44.Ne4 a5 45.Nd6+ Ka6 46.b4 cxb4 47.Rxc6 bxa3 48.Rc3 Rd7 49.Ne4 a2 50.Ra3 Rxd3
51.Rxa2 Kb5 52.Ke2 Rb3 53.Nd2 Rg3 54.Kf2 Rc3 55.Rb2+ Ka6 56.Ke2 b5 57.Ne4 Rc7
58.Kd2 b4 59.Rc2 Rd7+ 60.Kc1 Rd4 61.Nc5+ Kb5 62.Nb3 Rd3 63.Kb2 a4 64.Nc1 Rg3
65.Rf2 g5 66.Re2 h5 67.Re5+ Kc6 68.Re6+ Kd5 69.Re2 h4 70.Rc2 Ke4 71.Re2+ Re3
72.Rc2 a3+ 73.Ka2 Rc3 74.Rxc3 bxc3 75.Kxa3 Ke3 76.Nb3 Kf2 77.Nd4 Kxg2 78.Ne6 Kxh3
79.Nxg5+ Kg4 80.Ne4 Kf3 81.Ng5+ Kf4 82.Nh3+ Ke3 83.Kb3 Kd2 84.Ng5 c2 85.Ne4+ Ke3  0-1